000
00426nam a22000977a 4500
100
_a
झारी,डॉ. कृष्णदेव
_9
75038
245
_a
प्रेमचन्द की सम्पूर्ण बाल कहानियॉं
260
_a
नई दिल्ली
_b
चिल्ड्रन बुक बैंक
_c
2018
650
_a
चिल्ड्रन बुक
_9
159
942
_c
HIN
999
_c
63146
_d
63146